Coal gasification processes /

Bibliographic Details
Main Author: Nowacki, Perry
Corporate Author: Noyes Data Corporation
Format: Book
Language:English
Published: Park Ridge, N.J. : Noyes Data Corp., 1981.
Series:Energy technology review ; no. 70.
Subjects:

MARC

Tag First Indicator Second Indicator Subfields
LEADER 00000cam a22000008a 4500
001 in00000071320
005 20151008062150.0
008 810618s1981 njua b 00010 eng
010 |a  81011059  
020 |a 0815508646 :  |c $48.00 
035 |a (OCoLC)07574365 
035 |9 AAJ9649AM 
039 0 |a 2  |b 3  |c 3  |d 3  |e 3 
040 |a DLC  |c DLC  |d TXA  |d UtOrBLW 
049 |a TXAM  |c [800438] 
050 0 0 |a TP759  |b .N68 
082 0 |a 665.7/72  |2 19 
100 1 |a Nowacki, Perry. 
245 1 0 |a Coal gasification processes /  |c edited by Perry Nowacki. 
263 |a 8108 
264 1 |a Park Ridge, N.J. :  |b Noyes Data Corp.,  |c 1981. 
300 |a xv, 378 pages :  |b illustrations ;  |c 24 cm. 
336 |a text  |b txt  |2 rdacontent 
337 |a unmediated  |b n  |2 rdamedia 
338 |a volume  |b nc  |2 rdacarrier 
490 1 |a Energy technology review ;  |v no. 70 
504 |a Includes bibliographies. 
650 0 |a Coal gasification. 
710 2 |a Noyes Data Corporation. 
830 0 |a Energy technology review ;  |v no. 70. 
999 |a MARS 
999 f f |s 19f0025d-84b2-3028-8a93-35841b4fb084  |i 38f30255-16c8-3c1d-b193-6e3d66b802a8  |t 0 
952 f f |p ric  |a Texas A&M University  |b Rellis Campus  |c Joint Library Facility  |d Remote Storage  |t 0  |e TP759 .N68  |h Library of Congress classification  |i unmediated -- volume  |m A14806257636 
998 f f |a TP759 .N68  |t 0  |l Remote Storage